000 01174nam a22003017a 4500
999 _c8119
_d8119
001 UTEA
005 20240320164947.0
006 g||||gr||||||01 nz
007 ta
008 190415b peu||||| |||| 00| 0 spa d
020 _a9789587713237
040 _aUTEA
041 _aES
044 _aPE
082 _a372.357
_bM28 2017
100 _aMatos Meléndez, Bárbara Bernardina
245 _aEducación Ambiental
_cBárbara Bernardina Matos Meléndez
_h[Impreso]
250 _a2da
260 _aLima - Perú
_bECOE
_c2017
300 _a255p
_bEsquemas, cuadros
_c24cm
504 _aIncluye: Bilbliografía [245 - 255p]
505 _aFundamentos y Principios de la Educación Ambiental -- Metodología Aplicativa de la Educación Ambiental -- Educación y Gestión Ambiental Participativa -- Evaluación en Educación Ambiental
650 0 _a FUNDAMENTOS Y PRINCIPIOS DE LA EDUCACIÓN AMBIENTAL
_937171
650 0 _aMETODOLOGÍA APLICATIVA DE LA EDUCACIÓN AMBIENTAL
_937172
650 0 _aEVALUACIÓN EN EDUCACIÓN AMBIENTAL
_937173
700 _aFlores Guerrero, Maritza Asunción
_937175
942 _2ddc
_cBK
_zCirila Celinda Molina Chirinos
_e2024-03-20